004610000a22001450004500020001500000060000800015082001700023100002200040245005000062260003700112260000900149300000800158490002700166650012200193 a1556701074 a100 a621.3678 VER aVerbyla, David L aSatellite Remote sensing of natural resources aBoca Rotan, CRC Lewis Publishers c1995 a198 aMapping Science Series aSatellite Images, Image Processing , Spectral Regions, Radiometric Connections, Geometric connections, Remote sensing